000 00379nam a2200157Ia 4500
008 221030s9999 xx 000 0 und d
020 _a812032451x
041 _aEnglish
082 _a105.23
_bRit
100 _aS. A. Kelkar
245 0 _aStructured System Analysis & Design
_cby S. A. Kelkar
260 _bPHI
_aDelhi
_c2004
300 _a316
650 _aComputers
942 _cBK
999 _c928
_d928